000 01426cam a2200397 i 4500
001 19552627
003 JO-AjAnu
005 20240501102643.0
006 m |o d |
007 cr_|||||||||||
008 170315s2017 nju ob 001 0 eng
010 _a 2017012571
020 _a9781118829554 (ePub)
020 _a9781118829547 (Adobe PDF)
020 _z9781118829509 (cloth)
040 _aDLC
_beng
_erda
_cDLC
_dDLC
_dJO-AjAnu
041 0 _aeng
_heng
042 _apcc
050 0 0 _aP37.3
082 0 0 _a401/.9
_223
245 0 4 _aThe handbook of psycholinguistics /
_cedited by Eva M. Fernandez, Helen S. Cairns.
264 1 _aHoboken, NJ :
_bJohn Wiley & Sons Inc.,
_c[2017]
300 _a1 online resource.
336 _atext
_btxt
_2rdacontent
337 _acomputer
_bn
_2rdamedia
338 _aonline resource
_bnc
_2rdacarrier
504 _aIncludes bibliographical references and index.
588 _aDescription based on print version record and CIP data provided by publisher.
650 0 _aPsycholinguistics
_vHandbooks, manuals, etc.
700 1 _aFernández, Eva M.,
_eeditor.
700 1 _aCairns, Helen Smith,
_d1939-
_eeditor.
776 0 8 _iPrint version:
_tHandbook of psycholinguistics
_dHoboken, NJ : John Wiley & Sons Inc., [2017]
_z9781118829509
_w(DLC) 2017003586
906 _a7
_bcbc
_corigcop
_d1
_eecip
_f20
_gy-gencatlg
942 _2lcc
_cBK
_n0
999 _c33483
_d33483